Survey (Record no. 78341)

MARC details
000 -LEADER
fixed length control field 00773cab a2200181 4500
001 - CONTROL NUMBER
control field L136547
008 - FIXED-LENGTH DATA ELEMENTS--GENERAL INFORMATION
fixed length control field 070207n2007 000 0 eng u
035 ## - SYSTEM CONTROL NUMBER
System control number (Sirsi) u136547
041 0# - LANGUAGE CODE
Language code of text/sound track or separate title eng
245 00 - TITLE STATEMENT
Title Survey
Remainder of title Hotels
260 ## - PUBLICATION, DISTRIBUTION, ETC.
Date of publication, distribution, etc. 2007
490 #0 - SERIES STATEMENT
Series statement EuroProperty
Volume/sequential designation 5 February 2007, 29-35(5)
520 ## - SUMMARY, ETC.
Summary, etc. Discusses the European recovery of the hotel sector, the increased number of investors in the sector, the different types of investments, and how the introduction of REITs will affect the market. Predicts that the shortage of quality stock and consolidation will fuel and investment boom, with investors seeking trophy buildings in top locations.
590 ## - LOCAL NOTE (RLIN)
Local note KA
651 #4 - SUBJECT ADDED ENTRY--GEOGRAPHIC NAME
Geographic name EUROPE
690 ## - LOCAL SUBJECT ADDED ENTRY--TOPICAL TERM (OCLC, RLIN)
Topical term or geographic name as entry element PROPERTY-COMMERCIAL PROPERTY-LEISURE PROPERTY
942 ## - ADDED ENTRY ELEMENTS (KOHA)
Suppress in OPAC 0
Holdings
Withdrawn status Lost status Source of classification or shelving scheme Damaged status Not for loan Home library Current library Shelving location Date acquired Total Checkouts Full call number Barcode Date last seen Copy number Price effective from Koha item type
    Dewey Decimal Classification     London London Journal article 07/02/2007   L136547 136547-1001 06/08/2019 1 06/08/2019 Journal article